Statistics for NBA Multiple Choice (Medium)

Click here to take the quiz!

General Stats

  • This quiz has been taken 36 times
  • The average score is 6 of 10

Answer Stats

QuestionAnswer% Correct
Who Owns the Charlotte HornetsMichael Jordan
97%
Who is the Current Commissioner of the NBAAdam Silver
94%
Who is the Shortest NBA Player of All TimeMuggsy Bogues
90%
Kobe Bryant was Drafted by which NBA teamCharlotte Hornets
84%
Who is the Tallest NBA Player of All TimeGheorghe Muresan
81%
Why Are the New York Knicks Called the KnicksBecause Knicks is short for the Word Knickerbockers
77%
Who Holds the Record for the Fastest Ejection from an NBA GameGregg Popovich
55%
Which NBA team has Drafted the Most NBA MVP's (If a Player has Won more than 1 MVP he still counts as one)Bucks
29%
Which Referee Holds the Record for Most Officiated Games in NBA HistoryDick Bavetta
23%
Which NBA player Holds the Record for the highest paid single season in NBA HistoryMichael Jordan
10%

Score Distribution

Percentile by Number Answered

Percent of People with Each Score

Your Score History

You have not taken this quiz